European Capitals By Letter - Statistics

General Stats
  • This quiz has been taken 1,741 times
  • The average score is 14 of 16
Answer Stats
Hint Answer % Correct
B Belgrade, Berlin, Bern, Bratislava, Brussels, Bucharest, Budapest
99%
A Amsterdam, Andorra La Vella, Athens
96%
L Lisbon, Ljubljana, London, Luxembourg
96%
M Madrid, Minsk, Monaco, Moscow
95%
P Paris, Podgorica, Prague, Pristina
94%
S San Marino, Sarajevo, Skopje, Sofia, Stockholm
93%
V Vaduz, Valletta, Vatican City, Vienna, Vilnius
93%
R Reykjavik, Riga, Rome
92%
O Oslo
90%
C Chisinau, Copenhagen
88%
W Warsaw
88%
H Helsinki
85%
Z Zagreb
85%
D Dublin
80%
T Tallinn, Tirana
78%
K Kyiv
73%
No matching quizzes found
Score Distribution
Percent of People with Each Score
Percentile by Number Answered
Your Score History
You have not taken this quiz